00346nam a22001457a 4500003000400000008004100004020001800045082001900063100001700082245004300099250001300142260002900155300000800184650000800192OSt220215b ||||| |||| 00| 0 eng d a9789353948436 a650.015195 MAB aMATHEW, Regi aBusiness Analytics for Decision Making a1st IMP  aNew DelhibPearsonc2020 a320 aMBA